مكتبة جامعة عجلون الوطنية

فهرس بحث المكتبة

Normal view MARC view
  • حماية البيئة -- قانون

Entry Topical Term

Number of records used in: 1

001 - CONTROL NUMBER

  • control field: 46777

003 - CONTROL NUMBER IDENTIFIER

  • control field: JO-AjAnu

005 - DATE AND TIME OF LATEST TRANSACTION

  • control field: 20230606081728.0

008 - FIXED-LENGTH DATA ELEMENTS

  • fixed length control field: 230606|| aca||aabn | a|a d

040 ## - CATALOGING SOURCE

  • Original cataloging agency: JO-AjAnu
  • Transcribing agency: JO-AjAnu

150 ## - HEADING--TOPICAL TERM

  • Topical term or geographic name entry element: حماية البيئة -- قانون

670 ## - SOURCE DATA FOUND

  • Source citation: Work cat.: (JO-AjAnu)23942: إعداد نايف جليل فاضل المذهان؛ إشراف محمد المحاسنة, author 46776, المسؤولية المدنية عن الأضرار البيئية في القانون الأردني والقانون المقارن